[Event "Olympiad Women 2024"]
[Site "Budapest HUN"]
[Date "2024.09.13"]
[Round "3.58"]
[Board "1"]
[White "Hamadeh, Sally"]
[Black "Mayorga Araya, Sofia"]
[Result "0-1"]
[WhiteElo "1557"]
[BlackElo "2059"]
[PlyCount "130"]
[EventDate "2024.09.11"]
[WhiteTeam "Lebanon"]
[BlackTeam "Costa Rica"]
[WhiteTeamCountry "LBN"]
[BlackTeamCountry "CRI"]

1. e4 c5 2. Nf3 Nc6 3. d4 cxd4 4. Nxd4 g6 5. Nc3 Bg7 6. Be3 Nf6 7. Be2 O-O 8. O-O d5 9. exd5 Nxd5 10. Nxd5 Qxd5 11. Bf3 Qc4 12. Nxc6 bxc6 13. c3 Bf5 14. b3 ({RR} 14. Qb3 Qa6 15. Bc5 Rfe8 16. Rfe1 e5 17. Be2 Qa5 18. Qa3 Qxa3 19. Bxa3 a5 20. Bc4 Red8 21. Rad1 a4 22. f3 Rab8 23. Be7 Rxd1 24. Rxd1 Bf8 25. Rd8 Rxd8 26. Bxd8 Bc5+ 27. Kf1 Kg7 28. g4 Bb1 {½-½ Perez Garcia,R (2412)-Smith,B (2441) Quebec-ch op 2012 (7)}) ({RR} 14. Qb3 Qa6 15. Qb4 e5 16. Qh4 Rab8 17. b3 Bd3 18. Rfd1 Rbd8 19. Bc5 Rfe8 20. Be7 Rd7 21. Bf6 e4 22. Bg4 Rd6 23. Be7 Rd5 24. c4 Ra5 25. Bf6 Rxa2 26. Bd7 Ra8 27. Qf4 Rxa1 28. Rxa1 Qb7 {0-1 Gonzalez,L (1753)-Lopez Rayo,S (1936) COL-ch U20 Tolima 2020 (7)}) 14... Qa6 15. Qc1 Bd3 $146 ({RR} 15... Rfd8 16. Re1 Rd7 17. Bd4 Bxd4 18. cxd4 Rc8 19. Qc5 Qb5 20. h3 Be6 21. Rac1 Qxc5 22. dxc5 Rd2 23. Re2 Rxe2 24. Bxe2 Bd5 25. Bc4 e6 26. b4 Rb8 27. Bxd5 exd5 28. Rb1 Kf8 29. a4 a6 30. Kf1 {½-½ Chukhlantseva,A (1928)-Skakun,V (1855) Moscow-ch (Women) 2010 (2)}) ({RR} 15... Rfd8 16. Bh6 Bh8 17. Qe3 Bf6 18. Qc5 Rac8 19. Be3 Qb5 20. Rad1 Qxc5 21. Bxc5 a5 22. c4 a4 23. Rxd8+ Rxd8 24. Rd1 Rb8 25. b4 Be6 26. Bxc6 Bxc4 27. Bxa4 Bxa2 28. Bc6 Bc4 29. Rd7 Rc8 30. Bb7 {½-½ Marquez Marvizon,A (1630)-Buch Prades,J (2075) Benidorm Nuevas Generaciones U16 8th 2012 (3)}) 16. Rd1 Rfd8 17. Bh6 Bh8 18. Qd2 Qb6 19. Rac1 Bf5 20. Qe2 Rxd1+ 21. Rxd1 Qc7 22. Qc4 Rc8 23. Qxc6 Qxc6 24. Bxc6 Bxc3 25. Bb7 Rb8 26. Ba6 Be5 27. Be3 h5 28. Bc5 Bf6 29. b4 Be6 30. a3 Bb2 31. Rd3 Be5 32. a4 Bd6 33. Bxd6 exd6 34. b5 Rd8 35. a5 Bc4 36. Rc3 d5 37. f4 Rb8 38. Rc2 Kf8 39. Kf2 Ke7 40. Ke3 Kd6 41. Rb2 Kc5 42. Rc2 Kb4 43. Kd4 Kxa5 44. Kc5 Ka4 45. Kc6 Rb6+ 46. Kc5 Bxb5 47. Bxb5+ Rxb5+ 48. Kc6 Rb4 49. Kxd5 Rxf4 50. Ra2+ Kb3 51. Rxa7 Kc2 52. Ke5 Rf5+ 53. Ke4 Kd2 54. Ra2+ Ke1 55. Ke3 Kf1 56. h3 h4 57. Rb2 Rg5 58. Kf3 Rg3+ 59. Kf4 Kg1 60. Ra2 Rxg2 61. Ra1+ Kh2 62. Ra3 Rg3 63. Ra1 Kxh3 64. Rh1+ Kg2 65. Rxh4 g5+ 0-1

[Event "Olympiad Women 2024"]
[Site "Budapest HUN"]
[Date "2024.09.13"]
[Round "3.58"]
[Board "2"]
[White "Rodriguez Arrieta, Maria Elena"]
[Black "Fawaz, Nadia"]
[Result "1-0"]
[WhiteElo "1941"]
[BlackElo "1747"]
[PlyCount "63"]
[EventDate "2024.09.11"]
[WhiteTeam "Costa Rica"]
[BlackTeam "Lebanon"]
[WhiteTeamCountry "CRI"]
[BlackTeamCountry "LBN"]

1. e4 c5 2. Nf3 e6 3. d3 Nc6 4. g3 d5 5. Nbd2 Qc7 6. Bg2 Nf6 7. O-O Be7 8. Re1 O-O 9. Qe2 b5 10. e5 Nd7 11. Nf1 Bb7 12. h4 a5 ({RR} 12... Rfc8 13. Bf4 Nd4 14. Nxd4 cxd4 15. Rec1 Qb6 16. Nd2 Rc7 17. Nf3 Rac8 18. a3 a5 19. h5 Ba6 20. h6 g6 21. Bh3 Rc6 22. Kg2 Qa7 23. Bg4 Bd8 24. Bh3 Bb6 25. b3 Qb8 26. Ra2 R8c7 27. Rd1 {1-0 Sale,S (2395)-Kravtsiv,M (2583) Petrovac op 2015 (2)}) 13. Bf4 a4 14. Ne3 Rfc8 $146 ({RR} 14... a3 15. bxa3 Rxa3 16. Nxd5 exd5 17. e6 Bd6 18. Bxd6 Qxd6 19. exd7 Qxd7 20. Ne5 Qd6 21. Nxc6 Bxc6 22. Qe5 Qxe5 23. Rxe5 Rd8 24. Rae1 g6 25. h5 Rxa2 26. h6 Kf8 27. c4 b4 28. cxd5 Bb5 29. d6 {0-1 Mazurkiewicz,M (2145)-Yushko,O (2064) Titled Tue 21st Nov Late 2023 (3)}) 15. Nxd5 exd5 16. e6 Bd6 17. exd7 Qxd7 18. Bh3 Qxh3 19. Bxd6 h6 20. d4 Nxd4 21. Nxd4 cxd4 22. Qd3 Ra6 23. Re7 Bc6 24. Qf3 Be8 25. Rae1 Rxd6 26. Rxe8+ Rxe8 27. Rxe8+ Kh7 28. Qxf7 Qg4 29. Qg8+ Kg6 30. Re7 Kh5 31. Rxg7 Qe6 32. Rg5+ 1-0

[Event "Olympiad Women 2024"]
[Site "Budapest HUN"]
[Date "2024.09.13"]
[Round "3.58"]
[Board "3"]
[White "Attieh, Skye"]
[Black "Acevedo Mendez, Jennifer"]
[Result "0-1"]
[WhiteElo "1675"]
[BlackElo "1836"]
[PlyCount "64"]
[EventDate "2024.09.11"]
[WhiteTeam "Lebanon"]
[BlackTeam "Costa Rica"]
[WhiteTeamCountry "LBN"]
[BlackTeamCountry "CRI"]

1. e4 e5 2. Nf3 Nc6 3. Bc4 Be7 4. O-O Nf6 5. d3 O-O 6. Re1 d6 7. c3 Na5 8. Bb5 a6 9. Ba4 b5 10. Bc2 c5 11. Nbd2 Qc7 12. Nf1 Nc6 13. h3 h6 ({RR} 13... Bd7 14. Ne3 Rfe8 15. Nh2 Bf8 16. Nhg4 Nxg4 17. hxg4 Be6 {½-½ Tseshkovsky,V (2530)-Geller,E (2465) Moscow2 1995}) ({RR} 13... d5 14. Bg5 Be6 15. Ne3 h6 16. Bxf6 dxe4 17. Bxe7 exd3 18. Qxd3 {1-0 Palacio,I (2172)-Ishvi,A (1959) Titled Tue 12th Mar Early 2024 (11)}) 14. Ng3 Nh7 $146 ({RR} 14... Be6 15. a3 d5 16. exd5 Nxd5 17. d4 exd4 18. Qd3 Nf6 19. Nh5 Rfd8 20. Rxe6 fxe6 21. Nxg7 Kxg7 22. Qg6+ Kh8 23. Qxh6+ Kg8 24. Qg6+ Kh8 25. Ng5 {1-0 Sharif,M (2440)-Boulon,J Syre Memorial op 09th 1986}) 15. Be3 Qd8 16. d4 cxd4 17. cxd4 Ng5 18. Nxg5 Bxg5 19. dxe5 Bxe3 20. Rxe3 dxe5 21. Rd3 Qg5 22. Bb3 Nd4 23. Bd5 Rb8 24. Ne2 Ne6 25. Rc1 Nf4 26. Nxf4 exf4 27. Qb3 f3 28. Rxf3 Qxc1+ 29. Kh2 Qc7+ 30. Rg3 Rb6 31. Qb4 Rg6 32. Qd2 Rxg3 0-1

[Event "Olympiad Women 2024"]
[Site "Budapest HUN"]
[Date "2024.09.13"]
[Round "3.58"]
[Board "4"]
[White "Canales Chinchilla, Victoria"]
[Black "Darweeche, Roaa"]
[Result "1-0"]
[WhiteElo "1825"]
[BlackElo "1557"]
[PlyCount "89"]
[EventDate "2024.09.11"]
[WhiteTeam "Costa Rica"]
[BlackTeam "Lebanon"]
[WhiteTeamCountry "CRI"]
[BlackTeamCountry "LBN"]

1. e4 {Donev,Ivo Hristov} e6 2. d4 d5 3. Nd2 Nf6 4. e5 Nfd7 5. Bd3 c5 6. c3 b6 7. Ne2 Ba6 8. Nf3 h6 ({RR} 8... Be7 9. O-O Bxd3 10. Qxd3 Nc6 11. Ne1 O-O 12. Qh3 b5 13. f4 f5 14. g4 Qe8 15. gxf5 Rxf5 16. Ng3 Qg6 17. Ng2 cxd4 ({RR} 17... Rff8 18. f5 ({RR} 18. a4 b4 19. f5 exf5 20. Nxf5 bxc3 21. bxc3 Bd8 22. Ba3 Qe6 23. Rab1) 18... exf5 19. Nxf5 Rfd8 20. Qf3) ({RR} 17... Raf8 18. Nxf5 Rxf5 19. Be3 c4 20. Qg3 Qh6 21. Rad1 a5) 18. Nxf5 exf5 19. cxd4 Nxd4 20. Be3 Ne6 ({RR} 20... Nc2 21. Rac1 Nxe3 22. Qxe3) 21. Qf3 Nb6 22. Bxb6 axb6 23. Kh1 {1-0 Novgorodskij,V (2390)-Neverov,V (2560) RUS-Cup01 Chigorin Memorial 1997 (6)}) ({RR} 8... Qc8 9. O-O Nc6 10. Be3 Bxd3 11. Qxd3 c4 12. Qc2 Be7 13. Ng3 b5 14. Bg5 Bf8 15. Nd2 h6 16. Be3 g6 17. h4 Bg7 18. h5 Ne7 19. Nf3 Nf5 20. hxg6 fxg6 21. Nxf5 gxf5 22. Nh4 O-O 23. Ng6 {1-0 Gutierrez Garcia,M (2066)-Ruiz Sanchez,M (2247) TCh-ESP Rapid 2024 (2.22)}) 9. b3 $146 ({RR} 9. O-O Bxd3 10. Qxd3 Nc6 11. Bd2 Be7 12. Rfe1 c4 13. Qc2 b5 14. Ng3 g6 15. h3 Rb8 16. Ne2 Kf8 17. Nf4 Kg7 18. Nh2 Bg5 19. Nf3 Be7 20. Nh2 Bg5 21. Nf3 Bxf4 22. Bxf4 b4 23. Qa4 Qc7 {½-½ Paris,P (1592)-Waquet,F (1966) La Fere op 11th 2012 (6)}) 9... Bxd3 10. Qxd3 Nc6 11. a3 a6 12. O-O b5 13. b4 c4 14. Qc2 Nb6 15. Be3 Be7 16. Nd2 a5 17. f4 g6 18. Nf3 Kd7 19. g3 Qc7 20. Kg2 Ra7 21. h3 Rha8 22. Qb2 Ra6 23. Rfb1 Qa7 24. bxa5 Rxa5 25. Bc1 Ke8 26. g4 Kf8 27. f5 gxf5 28. gxf5 Ke8 29. f6 Bf8 30. Kg3 Kd7 31. Nf4 b4 32. cxb4 Nxb4 33. Bd2 Ra4 34. Bxb4 Bxb4 35. Qc2 Rxa3 36. Rxa3 Qxa3 37. Qh7 Rf8 38. Kg4 c3 39. Nxe6 c2 40. Nxf8+ Ke8 41. Qxc2 Kxf8 42. Qc7 h5+ 43. Kh4 Kg8 44. Rg1+ Kh8 45. Qxf7 1-0

[Event "Olympiad Women 2024"]
[Site "Budapest HUN"]
[Date "2024.09.13"]
[Round "3.59"]
[Board "1"]
[White "Camp, Imogen A L"]
[Black "Lieketseng, Ngatane"]
[Result "1-0"]
[WhiteElo "1923"]
[BlackElo "1651"]
[PlyCount "67"]
[EventDate "2024.09.11"]
[WhiteTeam "Wales"]
[BlackTeam "Lesotho"]
[WhiteTeamCountry "WLS"]
[BlackTeamCountry "LES"]

1. d4 d5 2. c4 c6 3. Nf3 e6 4. e3 Nf6 5. Nc3 Bd6 6. Qc2 Nbd7 7. Bd3 O-O 8. O-O h6 9. e4 dxe4 10. Nxe4 Nxe4 11. Bxe4 Nf6 12. Bd3 b6 ({RR} 12... c5 13. dxc5 Bxc5 14. Bf4 Bd6 15. Be5 Bxe5 16. Nxe5 Qc7 17. Qe2 b6 18. Rac1 Qc5 19. a3 a5 20. Rc3 Bb7 21. Bb1 Rfd8 22. Re1 Kf8 23. Rg3 Be4 24. Bxe4 Qxe5 25. Re3 Nxe4 26. Rxe4 Qf6 27. g3 {1-0 Strutinskaya,G (2054)-Lhagva,J (1918) Asian Seniors +65 2024 (5.2)}) 13. Re1 $146 ({RR} 13. Be3 Bb7 14. Rad1 Rc8 15. Qe2 Qc7 16. c5 Bf4 17. g3 Bxe3 18. Qxe3 Rfd8 19. Ne5 bxc5 20. dxc5 Rd5 21. Nc4 Ba6 22. Nd6 Bxd3 23. Rxd3 Rb8 24. Rxd5 Nxd5 25. Qe5 Rf8 26. a3 Qa5 27. Qd4 Rb8 {½-½ Szatmary,R (1967)-Mezei,C (2069) HUN-chT2 Erkel 1617 2016 (5.4)}) ({RR} 13. Be3 Bb7 14. h3 c5 15. dxc5 bxc5 16. Be2 Qc7 17. Rad1 Rad8 18. Nd2 Bh2+ 19. Kh1 Bf4 20. Bxf4 Qxf4 21. Bf3 Bxf3 22. Nxf3 g5 23. Qe2 Qe4 24. Rxd8 Qxe2 25. Rxf8+ Kxf8 {0-1 Francischone,R (1358)-Vieira,A (1718) Sao Paulo Karman Cup 2019 (1)}) 13... c5 14. dxc5 Bxc5 15. Bf4 Bb7 16. Rad1 Qe7 17. Qe2 Rad8 18. a3 a5 19. Ne5 Bd4 20. Bb1 Qc5 21. Bg3 Rfe8 22. Rd2 Bxe5 23. Rxd8 Rxd8 24. Bxe5 Ne8 25. h3 f6 26. Bc3 e5 27. Qg4 Qe7 28. b4 axb4 29. Bxb4 Qf7 30. Bg6 Qc7 31. Qe6+ Kh8 32. Bxe8 Bc8 33. Qf7 Rxe8 34. Qxc7 1-0

[Event "Olympiad Women 2024"]
[Site "Budapest HUN"]
[Date "2024.09.13"]
[Round "3.59"]
[Board "2"]
[White "Boitumelo Sethabathaba"]
[Black "Smith, Lynda"]
[Result "0-1"]
[WhiteElo "1571"]
[BlackElo "1831"]
[PlyCount "121"]
[EventDate "2024.09.11"]
[WhiteTeam "Lesotho"]
[BlackTeam "Wales"]
[WhiteTeamCountry "LES"]
[BlackTeamCountry "WLS"]

1. d4 f5 2. e4 fxe4 3. Nc3 Nf6 4. Bg5 b6 5. Bxf6 exf6 6. Qh5+ g6 7. Qd5 c6 8. Qxe4+ Qe7 9. O-O-O d5 ({RR} 9... Qxe4 10. Nxe4 f5 11. Ng5 Be7 12. h4 h6 13. N5f3 Kf7 14. Ne5+ Kg7 15. f3 d6 16. Nd3 Bf6 17. Ne2 Na6 18. g4 fxg4 19. fxg4 Bxg4 20. c3 Nc7 21. Re1 Rae8 22. Rg1 h5 23. Nf2 Bxe2 24. Rxe2 {½-½ Petersson,K (2049)-Meduri,A (1956) Titled Tue 9th Jan Late 2024 (5)}) 10. Qxe7+ Bxe7 11. Re1 Kf7 $146 ({RR} 11... Ba6 12. Nge2 Kf7 13. Nf4 Bxf1 14. Rhxf1 Bd6 15. Nd3 Nd7 16. Re2 Rhe8 17. Rfe1 Rxe2 18. Rxe2 Re8 19. Rxe8 Kxe8 20. g3 h5 21. a3 Nb8 22. Ne2 Na6 23. Nef4 Kf7 24. Kd2 Nc7 25. Ne2 Ne6 26. c3 {½-½ Hennrich,R (1840)-Schenk,F (1384) Karl Mala Memorial op 12th 2009 (3)}) 12. Bd3 Ba6 13. Bxa6 Nxa6 14. a3 Bd6 15. g3 Rhe8 16. Nf3 Nc7 17. Kd2 Bf8 18. Kd1 Bh6 19. Re2 Re6 20. Rhe1 Rae8 21. Rxe6 Rxe6 22. Rxe6 Kxe6 23. a4 Ne8 24. b3 Nd6 25. Nd2 Kf5 26. h3 Bxd2 27. Kxd2 Ne4+ 28. Nxe4 Kxe4 29. Kc3 Kf3 30. Kb4 a5+ 31. Ka3 Kxf2 32. c4 Kxg3 33. c5 bxc5 34. dxc5 f5 35. b4 axb4+ 36. Kxb4 f4 37. a5 f3 38. a6 f2 39. a7 f1=Q 40. a8=Q Qc4+ 41. Ka3 Qxc5+ 42. Kb2 Qf2+ 43. Kc1 Qe1+ 44. Kc2 Qe2+ 45. Kc1 Kxh3 46. Qc8+ Qg4 47. Qf8 Kg3 48. Qa3+ Qf3 49. Qe7 Qf4+ 50. Kb2 h5 51. Qe6 Qf2+ 52. Kb3 Qf3+ 53. Kb2 Kh2 54. Qxc6 g5 55. Qc7+ Kh3 56. Qe5 h4 57. Ka1 g4 58. Qe6 Kg2 59. Kb2 h3 60. Kc1 h2 61. Qh6 0-1

[Event "Olympiad Women 2024"]
[Site "Budapest HUN"]
[Date "2024.09.13"]
[Round "3.59"]
[Board "3"]
[White "Chong, Kimberly"]
[Black "lintle molise"]
[Result "1-0"]
[WhiteElo "1779"]
[BlackElo "1583"]
[PlyCount "78"]
[EventDate "2024.09.11"]
[WhiteTeam "Wales"]
[BlackTeam "Lesotho"]
[WhiteTeamCountry "WLS"]
[BlackTeamCountry "LES"]

1. e4 d6 2. d4 Nf6 3. Nc3 g6 4. Bd3 Bg7 5. f4 e6 ({RR} 5... e5 6. dxe5 dxe5 7. Nf3 exf4 8. Bxf4 O-O 9. Qd2 Nc6 10. O-O-O Be6 11. h3 Nd7 12. Bg5 Bf6 13. h4 h5 14. Qf4 Bxg5 15. hxg5 Qe7 16. Bb5 Nb6 17. Bxc6 bxc6 18. Ne5 Nc4 19. Nxc4 Bxc4 20. g4 {1-0 Karjakin,S (2776)-Wang,H (2752) Beijing FIDE GP 2013 (2)}) ({RR} 5... c5 6. dxc5 dxc5 7. f5 Nc6 8. Nf3 O-O 9. O-O Ng4 10. h3 Bd4+ 11. Kh1 Nf2+ 12. Rxf2 Bxf2 13. Bh6 Re8 14. Qe2 Bd4 15. Rf1 Bg7 16. Bxg7 Kxg7 17. Ng5 Nd4 18. Qf2 Rf8 19. Qh4 h6 20. fxg6 {0-1 Polishchuk,K (2141)-Ker,A (2283) NZL-ch blitz 123rd 2016 (4)}) 6. Nf3 a6 7. Be3 $146 ({RR} 7. O-O d5 8. e5 Nfd7 9. Be3 b6 10. Ng5 c5 11. Qg4 c4 12. Nxe6 fxe6 13. Bxg6+ hxg6 14. Qxg6+ Kf8 15. f5 Qe8 16. fxe6+ Nf6 17. Qxe8+ Kxe8 18. exf6 Bf8 19. f7+ {1-0 Remus Elliot,L (129)-Varney,D (142) BCF-ch U13 Aberystwyth 2014 (7)}) 7... Nbd7 8. Qe2 Qe7 9. O-O O-O 10. f5 exf5 11. exf5 Nb6 12. fxg6 hxg6 13. Qd2 Nbd5 14. Bg5 Nxc3 15. bxc3 Qe8 16. Rae1 Qc6 17. Bh6 Be6 18. Bxg7 Kxg7 19. Bxg6 Rae8 20. Bd3 Qd5 21. Ne5 Rg8 22. Qg5+ Kf8 23. Qh6+ Rg7 24. Ng6+ fxg6 25. Rxf6+ Kg8 26. Rxg6 Rxg6 27. Qxg6+ Kf8 28. Qh7 c5 29. Rf1+ Bf7 30. Bg6 Ke7 31. Rxf7+ Kd8 32. Rd7+ Kc8 33. Rc7+ Kb8 34. Bxe8 cxd4 35. Rxb7+ Qxb7 36. Qxb7+ Kxb7 37. cxd4 Kb6 38. Ba4 Ka5 39. Bb3 Kb4 1-0

[Event "Olympiad Women 2024"]
[Site "Budapest HUN"]
[Date "2024.09.13"]
[Round "3.59"]
[Board "4"]
[White "Thetsane, Nteboheleng"]
[Black "Kong, Emma Zihan"]
[Result "1/2-1/2"]
[WhiteElo "1645"]
[BlackElo "1747"]
[PlyCount "136"]
[EventDate "2024.09.11"]
[WhiteTeam "Lesotho"]
[BlackTeam "Wales"]
[WhiteTeamCountry "LES"]
[BlackTeamCountry "WLS"]

1. e4 c5 2. Nf3 d6 3. d4 cxd4 4. Nxd4 Nf6 5. Nc3 a6 6. Bd3 e6 7. h3 Nc6 ({RR} 7... b5 8. Be3 Bb7 9. f3 Nbd7 10. a3 Be7 11. O-O O-O 12. Nce2 d5 13. Ng3 Bd6 14. Nde2 Qc7 15. Bf2 dxe4 16. Nxe4 Nxe4 17. fxe4 Rab8 18. Qe1 Nc5 19. Nc1 Be5 20. Qb4 Bd6 21. Qe1 Qc6 22. Bxc5 {0-1 Katona,M (2200)-Landenbergue,C (2430) CEA op Switzerland 1995}) 8. Nb3 h5 $146 ({RR} 8... d5 9. exd5 Nxd5 10. Nxd5 Qxd5 11. O-O Be7 12. Be2 Qe5 13. c3 O-O 14. Be3 Rd8 15. Qc2 Bd6 16. g3 Qf6 17. Rad1 e5 18. Kg2 Bf5 19. Qc1 Rac8 20. Bg5 Qg6 21. Bxd8 Rxd8 22. Qe3 h5 23. f3 {0-1 Pareja Cerrato,A (1525)-Castro Uceda,J (1644) Madrid Tajamar Easter op-B 2018 (7)}) 9. Bg5 Be7 10. a3 d5 11. exd5 Nxd5 12. Bxe7 Ncxe7 13. Ne2 Bd7 14. Qd2 Qb6 15. O-O e5 16. Rfe1 Qf6 17. Nc5 Bc6 18. Ne4 Qh6 19. Rad1 Qxd2 20. Rxd2 f5 21. Nd6+ Kf8 22. Nxf5 Nxf5 23. Bxf5 Ne7 24. Be6 Rh6 25. Bb3 Rg6 26. g3 Nf5 27. c3 Nh4 28. Bd5 Bxd5 29. Rxd5 Nf3+ 30. Kf1 Nxe1 31. Kxe1 Re8 32. Nc1 Rb6 33. Nd3 e4 34. Nb4 g6 35. Ke2 Kf7 36. Rd7+ Ke6 37. Rg7 Kf5 38. Rf7+ Ke6 39. Rg7 Ke5 40. Rd7 Ke6 41. Rg7 Ke5 42. Rd7 Rb8 43. Rd5+ Ke6 44. Rd4 Rb5 45. Rxe4+ Re5 46. Rxe5+ Kxe5 47. Nd3+ Kf5 48. Nc5 Re8+ 49. Kd2 Re7 50. Nb3 g5 51. Nd4+ Kf6 52. Nc2 h4 53. g4 Ke5 54. Ne3 Rf7 55. Ke2 Rf6 56. Nc4+ Kd5 57. Nd2 Ke5 58. Ke3 Re6 59. Nf3+ Kf6+ 60. Kd2 Rd6+ 61. Kc2 b5 62. Nd4 Ke5 63. Nf3+ Kf4 64. Nd4 Rd5 65. Kd3 Re5 66. Kd2 a5 67. Nc6 Re6 68. Nd4 Re5 1/2-1/2

[Event "Olympiad Women 2024"]
[Site "Budapest HUN"]
[Date "2024.09.13"]
[Round "3.60"]
[Board "1"]
[White "Castillo Beitia, Ashley Alexandra"]
[Black "Gertrude Banini"]
[Result "1/2-1/2"]
[WhiteElo "2071"]
[BlackElo "1712"]
[PlyCount "114"]
[EventDate "2024.09.11"]
[WhiteTeam "Panama"]
[BlackTeam "Ghana"]
[WhiteTeamCountry "PAN"]
[BlackTeamCountry "GHA"]

1. d4 d5 2. c4 c6 3. Nc3 Nf6 4. Nf3 a6 5. cxd5 cxd5 6. Bf4 Nc6 7. e3 Bg4 8. Bd3 e6 9. h3 Bh5 10. g4 ({RR} 10. Rc1 Bd6 11. Bxd6 Qxd6 12. O-O O-O 13. Be2 Rac8 14. Ne1 Bxe2 15. Qxe2 Nd7 16. Nd3 Nb4 17. Nxb4 Qxb4 18. Nb1 Qa5 19. b3 Rc7 20. Rc2 Rfc8 21. Rfc1 Rxc2 22. Rxc2 Rxc2 23. Qxc2 Qe1+ 24. Kh2 g6 {0-1 Huebner,R (2600)-Georgiev,K (2645) Bundesliga 9697 1996 [2]}) ({RR} 10. O-O Be7 11. a3 O-O 12. Qe2 Rc8 13. Rac1 Na5 14. g4 Bg6 15. Bxg6 hxg6 16. Ne5 Nc4 17. Nxc4 Rxc4 18. Nb1 b5 19. Nd2 Rc8 20. Qd3 Qb6 21. Kg2 a5 22. Bg3 b4 23. a4 Rc6 24. Nb3 Rfc8 {0-1 Arnold,K-Hajiyev,K (2099) Titled Tue 30th Apr Late 2024 (3)}) 10... Bg6 11. Ne5 Bxd3 12. Qxd3 Bd6 $146 ({RR} 12... Be7 13. a3 Rc8 14. O-O O-O 15. Rac1 Nxe5 16. Bxe5 Nd7 17. Bf4 Nb6 18. Rc2 Qd7 19. Rfc1 Nc4 20. Nb1 Nxb2 21. Qe2 Nc4 22. e4 b5 23. exd5 exd5 24. Qf3 Rfe8 25. Re2 Bf6 26. Rxe8+ Rxe8 27. Nc3 {0-1 Matthey,H-Baum,B (2325) BL2-Ost 9293 1992 [2]}) 13. Bg3 Rc8 14. f4 Bb4 15. Bh4 Qa5 16. O-O Bxc3 17. bxc3 Nxe5 18. fxe5 Ne4 19. Be1 Rc4 20. Rf4 b5 21. Rxe4 dxe4 22. Qxe4 O-O 23. h4 Qa3 24. Qc2 Rb8 25. Qb3 Ra4 26. Qc2 h6 27. g5 hxg5 28. hxg5 b4 29. g6 b3 30. gxf7+ Kxf7 31. axb3 Qxa1 32. Qf2+ Kg8 33. bxa4 Qxa4 34. Qh4 Qc6 35. e4 a5 36. Qe7 a4 37. Bh4 Re8 38. Qa7 Ra8 39. Qe7 Qe8 40. Qa3 Qg6+ 41. Kh2 Qxe4 42. Qe7 Qf4+ 43. Bg3 Qf7 44. Qa3 Qf8 45. Qa2 Qf7 46. Qa3 Qd7 47. Bh4 Qd5 48. Qe7 Rf8 49. Qa7 Qc6 50. Qe7 Rf3 51. Bg3 Rxc3 52. d5 exd5 53. e6 Rf3 54. Qd8+ Kh7 55. Qh4+ Kg8 56. Qd8+ Kh7 57. Qh4+ Kg8 1/2-1/2

[Event "Olympiad Women 2024"]
[Site "Budapest HUN"]
[Date "2024.09.13"]
[Round "3.60"]
[Board "2"]
[White "Benson, Maud"]
[Black "Vasquez Jaen, Lourdes Lorena"]
[Result "1/2-1/2"]
[WhiteElo "1682"]
[BlackElo "1821"]
[PlyCount "73"]
[EventDate "2024.09.11"]
[WhiteTeam "Ghana"]
[BlackTeam "Panama"]
[WhiteTeamCountry "GHA"]
[BlackTeamCountry "PAN"]

1. d4 Nf6 2. c4 c5 3. d5 e6 4. Nc3 exd5 5. cxd5 d6 6. Qc2 ({RR} 6. Bf4 a6 7. e4 b5 8. Qe2 Nfd7 9. Nf3 Be7 10. a4 bxa4 11. Qc2 O-O 12. Be2 Nb6 13. O-O a5 14. Nxa4 Nxa4 15. Qxa4 Nd7 16. Rfd1 Nb6 17. Qc2 Bb7 18. b3 Qd7 19. Bd2 a4 20. bxa4 Nxa4 {1-0 Hammer,J (2636)-Kempinski,R (2612) GRE-chT Div-A 38th 2010 (3)}) 6... g6 7. e3 ({RR} 7. e4 Bg7 8. f4 O-O 9. Nf3 Re8 10. e5 dxe5 11. fxe5 Nbd7 12. Bf4 Nxe5 13. Nxe5 Ng4 14. Be2 Bxe5 15. Bxe5 Rxe5 16. O-O Ne3 17. Qb3 Nxf1 18. Rxf1 Qg5 19. Kh1 Bg4 20. d6 Rf5 21. Rxf5 Qxf5 {0-1 Alcolea Gonzalez,R (1782)-Zamora Pena,N (1904) Santiago de Cuba Province-ch final 2018 (7)}) 7... Bg7 8. Bd3 Na6 $146 ({RR} 8... Nbd7 9. Nge2 O-O 10. h4 Nb6 11. Nf4 Re8 12. Bd2 c4 13. Be2 Re5 14. a4 Bf5 15. Qc1 Nfxd5 16. Nfxd5 Nxd5 17. Bxc4 Nb4 18. Kf1 Rc8 19. Be2 Qf6 20. e4 Bxe4 21. Bf4 Rf5 22. Bg3 Bd3 23. Qd2 {0-1 Damgaard,S-Brameld,A (2109) Politiken Cup 21st 1999 (10)}) 9. a3 Nc7 10. e4 O-O 11. Nge2 Ng4 12. Bf4 f5 13. exf5 Bxf5 14. Bg3 b5 15. O-O a5 16. Bxf5 Rxf5 17. Nf4 Qd7 18. Qe2 Nh6 19. Rad1 Re8 20. Qd2 b4 21. axb4 axb4 22. Nce2 g5 23. Nh3 Rxd5 24. Qc2 Qb5 25. Rxd5 Nxd5 26. Nxg5 Rxe2 27. Qxh7+ Kf8 28. Bxd6+ Ne7 29. Ra1 Qa6 30. Bxe7+ Rxe7 31. Rd1 Bd4 32. Qb1 Qe2 33. Rf1 Bxb2 34. Qg6 Bg7 35. Nh7+ Kg8 36. Nf6+ Kf8 37. Nh7+ 1/2-1/2

[Event "Olympiad Women 2024"]
[Site "Budapest HUN"]
[Date "2024.09.13"]
[Round "3.60"]
[Board "3"]
[White "Caicedo Rios, Layla Yasmira"]
[Black "Felix, Tobi"]
[Result "1/2-1/2"]
[WhiteElo "1803"]
[BlackElo "1677"]
[PlyCount "74"]
[EventDate "2024.09.11"]
[WhiteTeam "Panama"]
[BlackTeam "Ghana"]
[WhiteTeamCountry "PAN"]
[BlackTeamCountry "GHA"]

1. e4 c6 2. Nc3 d5 3. Nf3 dxe4 4. Nxe4 Nd7 5. d4 Ngf6 6. Nxf6+ Nxf6 7. c3 Bf5 8. Bd3 Bxd3 9. Qxd3 e6 10. O-O ({RR} 10. Bf4 Be7 11. O-O O-O 12. Rfe1 Re8 13. Rad1 Qa5 14. a3 Rad8 15. h3 Qb5 16. Qxb5 cxb5 17. Bg5 Nd5 18. Bxe7 Rxe7 19. Ne5 Rc7 20. Nd3 Nb6 21. Re5 a6 22. Re2 Kf8 23. g4 Na4 24. Kg2 h6 {0-1 Roberson,P (2426)-Nihal,S (2693) Titled Tue 6th Feb Late 2024 (4)}) 10... Bd6 11. Re1 O-O $146 ({RR} 11... Qc7 12. h3 O-O 13. Ne5 c5 14. Bg5 Nd5 15. Nc4 Be7 16. Bxe7 Nxe7 17. dxc5 Qxc5 18. Qd6 Qxc4 19. Qxe7 Qb5 20. Qb4 Qc6 21. Rad1 Rfd8 22. Rd4 Rd5 23. Red1 a5 24. Rxd5 exd5 25. Qd4 h6 26. Qxd5 {1-0 Perico,G (1875)-Iasman,I (1970) Bratto op-B 33rd 2013 (5)}) ({RR} 11... h6 12. b4 O-O 13. Bd2 b6 14. Qe2 Qc7 15. c4 {½-½ Armbruester,J (1961)-Chmielewski,A (1860) Schleswig Holstein-ch Seniors op 11th 2017 (8)}) 12. Ne5 Qc7 13. Qh3 c5 14. Nf3 cxd4 15. Nxd4 Qc5 16. Be3 Qh5 17. Qxh5 Nxh5 18. Rad1 Bf4 19. g3 Bxe3 20. Rxe3 Rfd8 21. Red3 a6 22. Nb3 Rxd3 23. Rxd3 Nf6 24. Nc5 Kf8 25. Nxb7 Nd5 26. Nc5 a5 27. Kf1 Rc8 28. Ne4 Ke7 29. Ke2 f5 30. Nd2 Rb8 31. Nc4 a4 32. Kd2 f4 33. Kc2 Rc8 34. b3 axb3+ 35. axb3 fxg3 36. hxg3 Rf8 37. Rd2 Rf3 1/2-1/2